| 000 | 00432nam a2200181Ia 4500 | ||
|---|---|---|---|
| 005 | 20250423101631.0 | ||
| 008 | 250422s9999 xx 000 0 und d | ||
| 020 | _a8171419461 | ||
| 050 | _aHD 6250 .N37/ | ||
| 100 | _aNarasaiah, M. L. | ||
| 245 | 0 | _aUrbanisation and child labour | |
| 260 | _aNew Delhi | ||
| 260 | _bDiscovery Publishing House | ||
| 260 | _c2005 | ||
| 300 | _a114 p | ||
| 650 | _aChild labor | ||
| 942 | _cBK | ||
| 999 |
_c36821 _d36821 |
||